000 00705nam a2200205 a 4500
001 27695
003 BD-RjUL
005 20211209051205.0
008 181021s1893 ii 00| 0 eng d
035 _a(BD-RjUL)27774
040 _aEQO
_cEQO
_beng
_dBD-RjUL
041 _aeng
082 _a297
_bMOT 1893
_223
100 1 _aMohammad, Gholam
_9223972
245 1 0 _aTouchstone of philosophers, or, A present to the delegates of different creeds at the Grand International Exhibition of Chicago /
_cby Gholam Mohammad , son of Haji Hafiz Sadek Randeri.
260 _aPunjab :
_bThe Mohameddan tract and Book Depot,
_c1983
300 _a[2], 53 p. ;
_c22 cm.
650 _aIslam
_9223974
942 _2ddc
_cRAR
999 _c27695
_d27695